000 00395nam a2200157Ia 4500
008 230718s9999 xx 000 0 und d
041 _aeng
082 _a510
_bJOG
100 _aMathur A.B.
_9151968
245 _aMathematics Iit Entrance Exam.
260 _c1986
_bSaunder College
300 _a548
365 _cRs.
_b57.00
700 _aMathur A.B. & Joggi V. P.
_9186174
906 _cMATHS
999 _c297000
_d297000